000
00293nam a22001217a 4500
999
_c
4342
_d
4342
008
250207b ||||| |||| 00| 0 eng d
020
_a
9780753470909
082
_a
595.7 FEL
100
_a
FELDMAN,THEA
_e
AUTHOR
245
_a
CREEPY-CRAWLIES
260
_a
UNITED STATES
_b
KINGFISHER
942
_2
ddc